| 000 -CABECERA |
| Longitud fija campo de control |
00598nam a2200193 a 4500 |
| 001 - NÚMERO DE CONTROL |
| Número de control |
1083 |
| 003 - IDENTIFICADOR DEL NÚMERO DE CONTROL |
| Identificador del número de control |
CDMR |
| 005 - FECHA Y HORA DE LA ÚLTIMA TRANSACCIÓN |
| Fecha y hora de la última transacción |
20131023123321.0 |
| 008 - CÓDIGOS DE INFORMACIÓN DE LONGITUD FIJA |
| Códigos de información de longitud fija |
130130s1932||||||||||||||||||||||||||||d |
| 040 ## - FUENTE DE LA CATALOGACIÓN |
| Centro catalogador de origen |
CDMR |
| Lengua de catalogación |
cat |
| Centro transcriptor |
CDMR |
| 100 1# - PUNTO DE ACCESO PRINCIPAL-NOMBRE DE PERSONA |
| Nombre de persona |
Maragall, Joan |
| 9 (RLIN) |
196 |
| 245 13 - MENCIÓN DE TÍTULO |
| Título |
El sentiment de pàtria |
| Resto del título |
: articles |
| Mención de responsabilidad, etc. |
Joan Maragall ; amb un pròleg de F. Cambó |
| 260 ## - PUBLICACIÓN, DISTRIBUCIÓN, ETC. (PIE DE IMPRENTA) |
| Lugar de publicación, distribución, etc. |
Barcelona |
| Fecha de publicación, distribución, etc. |
1932 |
| Nombre del editor, distribuidor, etc. |
Sala PArés Llibreria |
| 300 ## - DESCRIPCIÓN FÍSICA |
| Extensión |
168 p ; |
| Dimensiones |
17 cm |
| 490 0# - MENCIÓN DE SERIE |
| Mención de serie |
Obres completes de Joan Maragall |
| Designación de volumen o secuencia |
Vol. 13 |
| 500 ## - NOTA GENERAL |
| Nota general |
Edició dels Fills de Joan Maragall |
| 700 1# - PUNTO DE ACCESO ADICIONAL - NOMBRE DE PERSONA |
| Nombre de persona |
Cambó, Francesc |
| Término indicativo de función |
pr. |
| 9 (RLIN) |
852 |
| 942 ## - ENTRADA DE ELEMENTOS AGREGADOS (KOHA) |
| Koha [por defecto] tipo de item |
Monografies |
| Fuente de clasificaión o esquema |
|